| 000 | 00362pab a2200145 454500 | ||
|---|---|---|---|
| 008 | 180718b1983 xxu||||| |||| 00| 0 eng d | ||
| 100 | _aFetscher, Iring | ||
| 245 |
_aSome problems of democracy _bCan it remain vital in advanced countries |
||
| 260 | _c1983 | ||
| 300 | _a199-208 | ||
| 362 | _aSpring | ||
| 650 | _aDemocracy | ||
| 773 | _aDissent | ||
| 909 | _a7166 | ||
| 999 |
_c7166 _d7166 |
||